000 00577nam a2200181Ia 4500
008 100920s9999 xx 000 0 und d
082 _b100995
_a891.464 थ 98
100 _aभुर्के श्याम.
245 _aपुणं एक साठवण.
260 _bसन पब्लिकेशन्स,पुणे.
_c1998
300 _a175
_bसाधी
365 _b75
520 _aनिबंध.
630 _aपुणं एक साठवण.
650 _aनिबंध.
730 _aपुणं एक साठवण.
942 _cBOOK
999 _c741432
_d741429